000 00285 a2200109 4500
001 ART_38810
005 20260410161628.0
008 260409a
245 1 0 _aNovedades IFRS
100 1 _aGarcía Fronti, Inés M.
773 0 _tEnfoques
_g- Nº 5 (mayo 2016)
_wREV416
999 _c12156
_d12156